| 000 | 00401 a2200157 4500 | ||
|---|---|---|---|
| 005 | 20250315101514.0 | ||
| 020 | _a0-273-02930-4 | ||
| 082 | _a339.341 JON | ||
| 100 | _aJONES, R. | ||
| 245 | _aPublic Sector Accounting | ||
| 250 | _a2nd Ed. | ||
| 260 |
_aLondon. _bPitman, _c1989. |
||
| 300 |
_ax, 276p.: ill.; figure, table. _bBibliography, Index. _c24cm. |
||
| 700 | _aPENDLEBURY, M. | ||
| 942 |
_2ddc _cBKS |
||
| 999 |
_c708 _d708 |
||